000 00560nam a2200169 a 4500
001 000044690
005 20201002045543.0
008 141216s2014 dr a 000 0 spa d
020 _a9789945166392
040 _aDO-SdBNP
_bspa
_cBNPHU
082 _axxxxxx
_bxxxxxx
100 1 _aPeralta Michel, José,
_d1931-
_946495
245 1 4 _aLas décadas de mi vida :
_bmemorias imperdibles /
_cJosé Peralta Michel.
260 _aSanto Domingo :
_bBúho,
_c2014.
300 _a376 p. :
_bil. ;
_c23 cm.
500 _aIncluye datos biográficos del autor en la contracubierta
999 _c44179
_d44179